000 00312nam a22001337a 4500
008 181017b xxu||||| |||| 00| 0 eng d
020 _a9780781741866
041 _aeng
080 _a616.8
100 _a7
101 _aNEU
245 _aField Guide to the Neurologic Examination
_cLewis,S.L
942 _2udc
_cBK
999 _c49991
_d49991